000
00218nam a22000857a 4500
008
160705b xxu||||| |||| 00| 0 eng d
100
_9
2265
_a
Kleiser, G
245
_a
Dictionary of Proverbs
260
_a
Delhi
_b
A.P.H.
_c
2005
999
_c
1948
_d
1948